Photonic MEMS devices (Record no. 67974)
[ view plain ]
| 000 -LEADER | |
|---|---|
| fixed length control field | 00628nam a22001697a 4500 |
| 005 - DATE AND TIME OF LATEST TRANSACTION | |
| control field | 20100909143419.0 |
| 008 - FIXED-LENGTH DATA ELEMENTS--GENERAL INFORMATION | |
| fixed length control field | 100909t xxu||||| |||| 00| 0 eng d |
| 080 ## - UNIVERSAL DECIMAL CLASSIFICATION NUMBER | |
| Universal Decimal Classification number | 621.382 |
| Item number | LIU |
| 100 ## - MAIN ENTRY--PERSONAL NAME | |
| Personal name | Liu, Ai-Qun...[et.al] |
| 245 ## - TITLE STATEMENT | |
| Title | Photonic MEMS devices |
| Remainder of title | design,fabrication and control |
| Statement of responsibility, etc | Ai-Qun Liu...[et.al] |
| 300 ## - PHYSICAL DESCRIPTION | |
| Extent | 483p. |
| 653 ## - INDEX TERM--UNCONTROLLED | |
| Uncontrolled term | Microelectromechanical systems |
| 942 ## - ADDED ENTRY ELEMENTS (KOHA) | |
| item type | Books |
| 260 ## - PUBLICATION, DISTRIBUTION, ETC. (IMPRINT) | |
| Place of publication, distribution, etc | Boca Raton |
| Name of publisher, distributor, etc | CRC Press |
| Date of publication, distribution, etc | 2009 |
| 020 ## - INTERNATIONAL STANDARD BOOK NUMBER | |
| International Standard Book Number | 9781420045680 |
| 260 ## - PUBLICATION, DISTRIBUTION, ETC. (IMPRINT) | |
| -- | 212 |
| Lost status | Source of classification or shelving scheme | Not for loan | Home library | Current library | Shelving location | Date acquired | Total Checkouts | Total Renewals | Full call number | Barcode | Date last seen | Date checked out | Price effective from | Koha item type |
|---|---|---|---|---|---|---|---|---|---|---|---|---|---|---|
| Universal Decimal Classification | University Library | University Library | General Stacks | 09/09/2010 | 3 | 3 | 621.382 LIU | 00063337 | 29/10/2015 | 15/10/2015 | 09/09/2010 | Books |
